[Event "Franconville-Rueil Malmaison"]
[Site "Rueil Malmaison"]
[Date "2008.01.19"]
[Round "5.6"]
[White "Kirszenberg, Marc"]
[Black "Abouan, Stephane"]
[Result "1-0"]
[WhiteElo "2216"]
[BlackElo "2038"]
[PlyCount "85"]
[EventDate "2008.01.19"]
[SourceDate "2007.10.24"]

1. d4 Nf6 2. c4 g6 3. Nc3 Bg7 4. Nf3 O-O 5. Bf4 d6 6. h3 Nbd7 7. e3 Re8 8. Be2
b6 9. O-O Bb7 10. Rc1 e5 11. Bh2 e4 12. Nd2 Nf8 13. b4 a5 14. a3 axb4 15. axb4
h5 16. c5 bxc5 17. bxc5 dxc5 18. dxc5 Ne6 19. Nb5 Bc6 20. Nb3 Nd5 21. Bc4 Rb8
22. Na7 Nb4 23. Bxe6 Qxd1 24. Bxf7+ Kxf7 25. Rcxd1 Ba4 26. Rb1 Rb7 27. Nd4 Reb8
28. Rxb4 Rxb4 29. Nac6 R8b7 30. Nd8+ Ke8 31. Nxb7 Rxb7 32. Ne6 Bf8 33. Bxc7 Bd7
34. Nxf8 Kxf8 35. Bd6+ Kf7 36. Ra1 Ke6 37. Ra6 Rb1+ 38. Kh2 Kd5 39. Bg3 Bf5 40.
c6 Rc1 41. c7 Rc2 42. Rd6+ Kc5 43. Rxg6 1-0

[Event "Franconville-Rueil Malmaison"]
[Site "Rueil Malmaison"]
[Date "2008.01.19"]
[Round "5.7"]
[White "Eid, Maha"]
[Black "Guigon, Olivier"]
[Result "1/2-1/2"]
[WhiteElo "1925"]
[BlackElo "2095"]
[PlyCount "71"]
[EventDate "2008.01.19"]
[SourceDate "2007.10.24"]

1. d4 d5 2. Nf3 Nf6 3. e3 e6 4. Bd3 c5 5. b3 Nbd7 6. Nbd2 Be7 7. Bb2 O-O 8. O-O
b6 9. Ne5 Bb7 10. f4 Ne4 11. c4 cxd4 12. exd4 Nxd2 13. Qxd2 dxc4 14. bxc4 Rc8
15. Rac1 Nxe5 16. dxe5 Rc7 17. Rfd1 Qc8 18. Qe2 Rd8 19. Rf1 Rcd7 20. Rc3 Bc5+
21. Kh1 Bd4 22. Bxh7+ Kf8 23. Ba3+ Bc5 24. Bxc5+ Qxc5 25. Rg3 g6 26. Bxg6 fxg6
27. Rxg6 Rg7 28. f5 Rxg6 29. fxg6+ Kg8 30. Rf7 Qc6 31. h3 a6 32. Qf2 Ba8 33.
Rg7+ Kxg7 34. Qf6+ Kh6 35. Qh4+ Kxg6 36. Qf6+ 1/2-1/2

[Event "Franconville-Rueil Malmaison"]
[Site "Rueil Malmaison"]
[Date "2008.01.19"]
[Round "5.8"]
[White "Wilson, Alexandra"]
[Black "Eid, Amine"]
[Result "1-0"]
[WhiteElo "2070"]
[BlackElo "1780"]
[PlyCount "41"]
[EventDate "2008.01.19"]
[SourceDate "2007.10.24"]

1. e4 c5 2. Nf3 g6 3. h4 Nc6 4. h5 Bg7 5. Nc3 d6 6. Bc4 e6 7. d3 Nge7 8. Bg5 h6
9. hxg6 hxg5 10. Rxh8+ Bxh8 11. gxf7+ Kd7 12. Nxg5 Nd4 13. Qg4 Kc6 14. Nh7 e5
15. Qg5 Nxc2+ 16. Kd1 Nxa1 17. f8=Q Qb6 18. Bb5+ Qxb5 19. Nxb5 Bg4+ 20. Qxg4
Rxf8 21. Nxf8 1-0

[Event "Henin Beaumont-Club 608"]
[Site "Le Touquet"]
[Date "2008.01.19"]
[Round "5.1"]
[White "Petitcunot, Pierre"]
[Black "Carlhammar, Magnus"]
[Result "1-0"]
[WhiteElo "2389"]
[BlackElo "2335"]
[PlyCount "75"]
[EventDate "2008.01.19"]
[SourceDate "2007.10.24"]

1. e4 e5 2. Nf3 Nc6 3. Nc3 Nf6 4. g3 d5 5. exd5 Nxd5 6. Bg2 Nxc3 7. bxc3 Bd6 8.
O-O O-O 9. Rb1 Rb8 10. d4 Bf5 11. Re1 Re8 12. d5 Na5 13. Nh4 Bd7 14. Qd3 b5 15.
Nf5 e4 16. Rxe4 Bxf5 17. Rxe8+ Qxe8 18. Qxf5 Qe1+ 19. Bf1 Nc4 20. Qd3 Re8 21.
Rxb5 Ne5 22. Qe3 Qd1 23. Kg2 Kf8 24. Be2 Qxc2 25. Rb2 Qf5 26. Qf4 Qg6 27. Be3
h5 28. Qd4 Ng4 29. Bf4 Ne5 30. Bb5 Re7 31. Re2 f6 32. Qe4 Qf7 33. c4 g5 34. Bc1
g4 35. Qf5 Nf3 36. Rxe7 Qxe7 37. Bh6+ Kg8 38. Be3 1-0

[Event "Henin Beaumont-Club 608"]
[Site "Le Touquet"]
[Date "2008.01.19"]
[Round "5.2"]
[White "Sohier, Julien"]
[Black "Wallart, Adrien"]
[Result "1/2-1/2"]
[WhiteElo "2272"]
[BlackElo "2170"]
[PlyCount "89"]
[EventDate "2008.01.19"]
[SourceDate "2007.10.24"]

1. e4 e5 2. Nf3 Nc6 3. Bb5 a6 4. Ba4 Nf6 5. O-O Be7 6. Re1 b5 7. Bb3 d6 8. c3
O-O 9. h3 Nb8 10. d4 Nbd7 11. Nbd2 Bb7 12. Bc2 Re8 13. Nf1 Bf8 14. Ng3 g6 15.
a4 c5 16. d5 c4 17. Bg5 h6 18. Be3 Nc5 19. Qd2 h5 20. Bg5 Be7 21. Ra3 Qc7 22.
Rea1 Rab8 23. axb5 axb5 24. Ra5 Bc8 25. Ra7 Rb7 26. R7a3 Rb8 27. Nh2 Nh7 28.
Be3 Bf6 29. Ne2 Qd8 30. Nf1 Ng5 31. Bxc5 dxc5 32. Kh1 Qd6 33. Ne3 Ne6 34. Nc1
Nc7 35. b3 cxb3 36. Nxb3 c4 37. Na5 Bd7 38. Bd1 Rec8 39. Qb2 Ne8 40. Nc2 Be7
41. Nb4 Qf6 42. R3a2 Bxb4 43. Qxb4 Qh4 44. Re2 Rb6 45. Bc2 1/2-1/2

[Event "Henin Beaumont-Club 608"]
[Site "Le Touquet"]
[Date "2008.01.19"]
[Round "5.3"]
[White "Friess, Nicolas"]
[Black "Aguirre, Simon"]
[Result "0-1"]
[WhiteElo "2201"]
[BlackElo "2262"]
[PlyCount "54"]
[EventDate "2008.01.19"]
[SourceDate "2007.10.24"]

1. d4 Nf6 2. c4 g6 3. Nc3 d5 4. Bf4 Bg7 5. e3 O-O 6. Rc1 c5 7. dxc5 Na6 8. cxd5
Nxc5 9. f3 Qb6 10. Nb5 Na6 11. Qd2 Bd7 12. e4 e6 13. Be3 Qd8 14. d6 Ne8 15. Rd1
f5 16. Nc7 Rc8 17. Bg5 Bf6 18. Bh6 Rf7 19. Nb5 fxe4 20. fxe4 Nc5 21. Nc3 Bxc3
22. bxc3 Nxe4 23. Qe3 N8xd6 24. Nf3 Rxf3 25. gxf3 Qh4+ 26. Ke2 Bb5+ 27. Rd3
Nxc3+ 0-1

[Event "Henin Beaumont-Club 608"]
[Site "Le Touquet"]
[Date "2008.01.19"]
[Round "5.4"]
[White "De Marchi, Olivier"]
[Black "Fossier, Francois"]
[Result "1/2-1/2"]
[WhiteElo "2213"]
[BlackElo "2245"]
[PlyCount "67"]
[EventDate "2008.01.19"]
[SourceDate "2007.10.24"]

1. d4 d6 2. c4 e5 3. Nf3 e4 4. Ng5 f5 5. g3 Be7 6. Nh3 Nf6 7. Bg2 O-O 8. O-O c5
9. d5 Nbd7 10. Nc3 Ne5 11. b3 Ne8 12. f3 exf3 13. exf3 Bf6 14. Bb2 Nc7 15. Nf2
Bd7 16. a4 b6 17. f4 Nf7 18. Nd3 Bd4+ 19. Kh1 Qf6 20. Qd2 a6 21. b4 Rfe8 22. b5
a5 23. Rae1 h5 24. h4 Qg6 25. Kh2 Nh6 26. Bf3 Rxe1 27. Rxe1 Ne8 28. Nf2 Nf6 29.
Ncd1 Bxb2 30. Qxb2 Re8 31. Rxe8+ Qxe8 32. Qe2 Nhg4+ 33. Kg2 g6 34. Qxe8+
1/2-1/2

[Event "Henin Beaumont-Club 608"]
[Site "Le Touquet"]
[Date "2008.01.19"]
[Round "5.5"]
[White "Broutin, Philippe"]
[Black "Eche, Sylvain"]
[Result "1/2-1/2"]
[WhiteElo "2071"]
[BlackElo "2186"]
[PlyCount "68"]
[EventDate "2008.01.19"]
[SourceDate "2007.10.24"]

1. f4 c5 2. Nf3 g6 3. g3 Nc6 4. Bg2 d5 5. O-O Bg7 6. d3 Nf6 7. Qe1 b6 8. c3 Ba6
9. Na3 Rc8 10. h3 O-O 11. g4 Qc7 12. Qh4 e6 13. f5 exf5 14. Bh6 f4 15. Ng5 Rce8
16. Rf2 Nd8 17. Raf1 Ne6 18. Nxe6 fxe6 19. Bxf4 Qc6 20. c4 Nd7 21. b3 Bd4 22.
e3 Rxf4 23. exf4 Qd6 24. Nc2 Bxf2+ 25. Rxf2 dxc4 26. dxc4 b5 27. f5 exf5 28.
Bd5+ Kh8 29. gxf5 gxf5 30. Rxf5 Qg6+ 31. Qg5 Qxg5+ 32. Rxg5 Nf6 33. Bf7 Rc8 34.
Ne3 Ne4 1/2-1/2

[Event "Henin Beaumont-Club 608"]
[Site "Le Touquet"]
[Date "2008.01.19"]
[Round "5.6"]
[White "Mendeiros, Jerome"]
[Black "Rouze, Xavier"]
[Result "1-0"]
[WhiteElo "2134"]
[BlackElo "2060"]
[PlyCount "57"]
[EventDate "2008.01.19"]
[SourceDate "2007.10.24"]

1. e4 Nf6 2. e5 Nd5 3. d4 d6 4. Nf3 dxe5 5. Nxe5 c6 6. Bd3 Nd7 7. Nxd7 Bxd7 8.
O-O Qc7 9. c4 Nf6 10. Nd2 Bg4 11. Qa4 Qd7 12. Nb3 e6 13. Bf4 Be7 14. f3 Bh5 15.
Rfd1 g5 16. Be5 g4 17. fxg4 Bxg4 18. Rf1 Qd8 19. Rf2 O-O 20. Na5 Nd7 21. Bf4
Nc5 22. dxc5 Qxd3 23. Nxb7 Bf6 24. Kh1 Bd4 25. Rd2 Qe4 26. Rf1 e5 27. Nd6 Qg6
28. Qxc6 Rac8 29. Nxc8 1-0

[Event "Henin Beaumont-Club 608"]
[Site "Le Touquet"]
[Date "2008.01.19"]
[Round "5.7"]
[White "Masztalir, Matthieu"]
[Black "Akl, Nabil"]
[Result "1/2-1/2"]
[WhiteElo "1987"]
[BlackElo "2141"]
[PlyCount "125"]
[EventDate "2008.01.19"]
[SourceDate "2007.10.24"]

1. e4 c6 2. d4 d5 3. Nc3 dxe4 4. Nxe4 Nf6 5. Ng3 Nbd7 6. Nf3 e6 7. Bd3 Qc7 8.
Qe2 b6 9. Bd2 Bb7 10. O-O h6 11. c4 O-O-O 12. b4 Bd6 13. c5 Bf4 14. Rfc1 Bxd2
15. Nxd2 bxc5 16. bxc5 Nb8 17. Nb3 Nd5 18. Ne4 Kd7 19. g3 Ke7 20. Re1 Kf8 21.
Qf3 Nd7 22. h4 N7f6 23. Nd6 Ne8 24. Rxe6 Nxd6 25. cxd6 Rxd6 26. Nc5 Bc8 27. Re5
Nf6 28. Rae1 Rxd4 29. Bf5 Bxf5 30. Qxf5 Rd8 31. Re7 Qxe7 32. Rxe7 Kxe7 33. Qe5+
Kf8 34. Qc7 Re8 35. Nb7 Kg8 36. Nd6 Re1+ 37. Kg2 Kh7 38. Qxf7 Rd8 39. Nf5 Rd7
40. Qc4 Re5 41. Ne3 c5 42. Qf4 Rde7 43. g4 Nd5 44. Nxd5 Rxd5 45. Qc4 Rd4 46.
Qxc5 Rxg4+ 47. Kf3 Rge4 48. Qf5+ g6 49. Qxe4 Rxe4 50. Kxe4 Kg7 51. Ke5 Kf7 52.
f3 Ke7 53. f4 Kf7 54. a4 a5 55. f5 g5 56. hxg5 hxg5 57. f6 g4 58. Kf4 Kxf6 59.
Kxg4 Ke5 60. Kf3 Kd4 61. Ke2 Kc3 62. Kd1 Kb2 63. Kd2 1/2-1/2

[Event "Neuville en Ferrain-Le Vesinet"]
[Site "Le Touquet"]
[Date "2008.01.19"]
[Round "5.1"]
[White "Depoorter, Enguerran"]
[Black "Jessel, Stephen"]
[Result "1-0"]
[WhiteElo "2208"]
[BlackElo "2309"]
[PlyCount "63"]
[EventDate "2008.01.19"]
[SourceDate "2007.10.24"]

1. d4 e6 2. c4 d5 3. Nc3 Nf6 4. Bg5 Nbd7 5. e3 c6 6. cxd5 exd5 7. Bd3 Be7 8.
Qc2 O-O 9. Nge2 Re8 10. f3 Nf8 11. O-O-O Be6 12. h4 Qa5 13. g4 Rac8 14. Rdg1 a6
15. Bxf6 Bxf6 16. g5 Be7 17. h5 c5 18. Bxh7+ Nxh7 19. g6 Nf8 20. h6 Bf6 21. Nf4
Qd8 22. hxg7 Bxg7 23. gxf7+ Kxf7 24. Rh7 Qf6 25. Nh5 Nxh7 26. Nxf6 Nxf6 27.
Qg6+ Ke7 28. Qxg7+ Bf7 29. Qg5 Be6 30. Qg7+ Bf7 31. Rg6 Rc6 32. Rxf6 1-0

[Event "Neuville en Ferrain-Le Vesinet"]
[Site "Le Touquet"]
[Date "2008.01.19"]
[Round "5.2"]
[White "Deslandes, Pascal"]
[Black "Tupet, Guillaume"]
[Result "1-0"]
[WhiteElo "2321"]
[BlackElo "2051"]
[PlyCount "71"]
[EventDate "2008.01.19"]
[SourceDate "2007.10.24"]

1. e4 c5 2. c3 d5 3. exd5 Qxd5 4. d4 cxd4 5. cxd4 Nc6 6. Nf3 e5 7. Nc3 Bb4 8.
Bd2 Bxc3 9. Bxc3 e4 10. Ne5 Nxe5 11. dxe5 Ne7 12. Be2 O-O 13. O-O Bf5 14. Qa4
Nc6 15. Rfd1 Qe6 16. Bc4 Qe7 17. Bd5 e3 18. fxe3 Qc5 19. Qf4 Be6 20. Bxc6 Qxc6
21. Rd6 Qc7 22. Qd4 b6 23. a4 Qc4 24. a5 b5 25. a6 Qxd4 26. exd4 Rfd8 27. Bb4
Rxd6 28. exd6 Rd8 29. Rc1 h6 30. Rc7 Rd7 31. Rb7 f6 32. Bc5 Kh7 33. Rxa7 Kg6
34. Rxd7 Bxd7 35. a7 Bc6 36. d7 1-0

[Event "Neuville en Ferrain-Le Vesinet"]
[Site "Le Touquet"]
[Date "2008.01.19"]
[Round "5.3"]
[White "Stevens, Christian"]
[Black "Large, Laurent"]
[Result "0-1"]
[WhiteElo "2135"]
[BlackElo "2263"]
[PlyCount "72"]
[EventDate "2008.01.19"]
[SourceDate "2007.10.24"]

1. e4 g6 2. d4 Bg7 3. Nf3 d6 4. Nc3 c6 5. Be2 Nd7 6. O-O Qc7 7. Be3 Ngf6 8. h3
O-O 9. a4 b6 10. Qd2 Re8 11. Bc4 e6 12. Rfe1 Bb7 13. Rad1 b5 14. axb5 cxb5 15.
Bd3 a6 16. Bf4 e5 17. dxe5 dxe5 18. Bg5 Nb6 19. Nh2 b4 20. Nb1 a5 21. c3 Red8
22. Bxf6 Bxf6 23. cxb4 Ba6 24. Qe3 Bxd3 25. Rxd3 axb4 26. Ng4 Bg7 27. Red1 h5
28. Nh2 Rxd3 29. Qxd3 Na4 30. Qb3 Qb7 31. Nc3 Nc5 32. Qd5 bxc3 33. Qxc5 cxb2
34. Qc2 Ra1 35. Rb1 Rxb1+ 36. Qxb1 Qb3 0-1

[Event "Neuville en Ferrain-Le Vesinet"]
[Site "Le Touquet"]
[Date "2008.01.19"]
[Round "5.4"]
[White "Krivokapic, Ratko"]
[Black "Degraeve, Jean Pierre"]
[Result "1-0"]
[WhiteElo "2199"]
[BlackElo "2151"]
[PlyCount "49"]
[EventDate "2008.01.19"]
[SourceDate "2007.10.24"]

1. Nf3 d5 2. g3 Nf6 3. Bg2 Nc6 4. d4 Bf5 5. c4 e6 6. O-O Nb4 7. Na3 dxc4 8. Bg5
c6 9. Nh4 h6 10. Bxf6 Qxf6 11. Nxf5 Qxf5 12. e4 Qf6 13. Nxc4 Qd8 14. a3 Na6 15.
d5 b5 16. Ne3 e5 17. dxc6 Qxd1 18. Rfxd1 Bc5 19. Nf5 g6 20. Nd6+ Bxd6 21. Rxd6
Nc7 22. Bh3 a6 23. Rad1 O-O 24. Rd7 Ne8 25. Re7 1-0

[Event "Neuville en Ferrain-Le Vesinet"]
[Site "Le Touquet"]
[Date "2008.01.19"]
[Round "5.5"]
[White "Boudrenghien, Francois"]
[Black "Castaignet, Laurent"]
[Result "0-1"]
[WhiteElo "2112"]
[BlackElo "2153"]
[PlyCount "52"]
[EventDate "2008.01.19"]
[SourceDate "2007.10.24"]

1. d4 Nf6 2. c4 c5 3. d5 e6 4. Nc3 exd5 5. cxd5 d6 6. e4 g6 7. f4 Bg7 8. Nf3
O-O 9. Be2 b5 10. e5 Nfd7 11. Bxb5 dxe5 12. O-O Bb7 13. Re1 exf4 14. Bxf4 Nb6
15. d6 Nc6 16. Be3 Ne5 17. Nxe5 Bxe5 18. Bh6 Bxh2+ 19. Kxh2 Qh4+ 20. Kg1 Qxh6
21. Re7 Rab8 22. d7 a6 23. Qd6 axb5 24. Qxb6 Qg5 25. Re2 Bxg2 26. Qxb8 Bc6+ 0-1

[Event "Neuville en Ferrain-Le Vesinet"]
[Site "Le Touquet"]
[Date "2008.01.19"]
[Round "5.6"]
[White "Glod, Philippe"]
[Black "Bertrand, Xavier"]
[Result "1/2-1/2"]
[WhiteElo "2174"]
[BlackElo "2104"]
[PlyCount "41"]
[EventDate "2008.01.19"]
[SourceDate "2007.10.24"]

1. e4 e6 2. d4 d5 3. e5 c5 4. c3 Nc6 5. Nf3 Bd7 6. Be2 f6 7. O-O Qc7 8. Re1
fxe5 9. Nxe5 Nxe5 10. dxe5 g6 11. Bf4 Bg7 12. Nd2 Nh6 13. Nf3 O-O 14. Qd2 Nf7
15. Bd3 b5 16. Qe2 Rab8 17. h4 Nh6 18. Bd2 Ng4 19. Rac1 Qb6 20. Bb1 a5 21. Be3
1/2-1/2

[Event "Neuville en Ferrain-Le Vesinet"]
[Site "Le Touquet"]
[Date "2008.01.19"]
[Round "5.7"]
[White "Dessenne, Francois"]
[Black "Imbert, Christophe"]
[Result "0-1"]
[WhiteElo "2082"]
[BlackElo "2129"]
[PlyCount "92"]
[EventDate "2008.01.19"]
[SourceDate "2007.10.24"]

1. e4 e5 2. Nf3 Nc6 3. Bc4 Nf6 4. d3 Be7 5. O-O O-O 6. c3 d6 7. b4 Ne8 8. Qb3
a5 9. b5 a4 10. Qc2 Na5 11. Qxa4 Bg4 12. Nbd2 Nxc4 13. Qxc4 Be6 14. Qb4 d5 15.
Qb1 f5 16. exd5 Bxd5 17. Nxe5 f4 18. c4 Bd6 19. Nef3 Be6 20. Bb2 Bf5 21. Nd4
Bg4 22. f3 Bd7 23. Ne4 Qh4 24. Nxd6 Nxd6 25. Qe1 Qf6 26. Qf2 Qg6 27. Rfd1 Rae8
28. Ne2 Qg5 29. Nc3 Nf5 30. Ne4 Qh6 31. Bc1 g5 32. Bb2 Ne3 33. Re1 g4 34. Rxe3
fxe3 35. Qg3 Bf5 36. h3 e2 37. hxg4 Bxe4 38. dxe4 Qd2 39. Ba3 Qe3+ 40. Qf2 Qxa3
41. Qxe2 Qc3 42. Rd1 Rd8 43. Rd5 Qc1+ 44. Kh2 c5 45. Rxd8 Rxd8 46. Qf2 Qf4+ 0-1

[Event "Neuville en Ferrain-Le Vesinet"]
[Site "Le Touquet"]
[Date "2008.01.19"]
[Round "5.8"]
[White "Millet, Maud"]
[Black "Warkentin, Sabine"]
[Result "1-0"]
[WhiteElo "1910"]
[BlackElo "1765"]
[PlyCount "69"]
[EventDate "2008.01.19"]
[SourceDate "2007.10.24"]

1. e4 c6 2. d4 d5 3. e5 Bf5 4. Nf3 e6 5. Bd3 Bxd3 6. Qxd3 Nd7 7. O-O Qc7 8. Bf4
Ne7 9. Nbd2 Ng6 10. Bg3 Be7 11. h4 h5 12. b3 Qd8 13. a4 Nxh4 14. Nxh4 Bxh4 15.
f4 g6 16. c4 Bxg3 17. Qxg3 h4 18. Qh3 Qe7 19. cxd5 exd5 20. f5 Qg5 21. e6 fxe6
22. fxe6 Nf6 23. Rf2 Ng4 24. Re2 Qf4 25. Nf3 Ne3 26. Ne5 Qxd4 27. Qxe3 Qxa1+
28. Kh2 Qb1 29. Nf7 Rh5 30. Qf4 Rf5 31. Qc7 Qf1 32. Nd6+ Kf8 33. e7+ Kg8 34.
Nxf5 Qxe2 35. e8=Q+ 1-0

[Event "JEEN-Lille"]
[Site "Le Touquet"]
[Date "2008.01.19"]
[Round "5.2"]
[White "Bouhallel, Rabah"]
[Black "Lafaurie, Pierre"]
[Result "1/2-1/2"]
[WhiteElo "2287"]
[BlackElo "2124"]
[PlyCount "106"]
[EventDate "2008.01.19"]
[SourceDate "2007.10.24"]

1. e4 g6 2. d4 Bg7 3. Nc3 d6 4. Nf3 a6 5. Bc4 e6 6. a4 b6 7. O-O Ne7 8. Re1 Nd7
9. Ne2 Bb7 10. Ng3 O-O 11. c3 c5 12. Bf4 cxd4 13. cxd4 d5 14. exd5 Nxd5 15. Bg5
N7f6 16. Ne4 Qb8 17. Ned2 Ra7 18. Ne5 Qa8 19. Bf1 h6 20. Bh4 Nf4 21. f3 Bd5 22.
Ndc4 Rb8 23. Qd2 g5 24. Bf2 Nd7 25. h4 f6 26. Ng4 Rc7 27. Nge3 Bc6 28. Bg3 Rd8
29. b4 e5 30. Rad1 Bxa4 31. Qa2 Kh8 32. Qxa4 b5 33. Qa5 Rxc4 34. Bxc4 bxc4 35.
dxe5 Nd3 36. Re2 gxh4 37. Bxh4 N7xe5 38. f4 Nc6 39. Qf5 Nd4 40. Qg4 Nxe2+ 41.
Qxe2 Qe4 42. Qf3 Qxf3 43. gxf3 Rd4 44. Nxc4 Rxc4 45. Rxd3 Rxb4 46. Bg3 Kh7 47.
Rd7 h5 48. Kg2 Rb6 49. Ra7 f5 50. Bh4 Kg6 51. Kh3 Bc3 52. Bg5 a5 53. Bd8 Rc6
1/2-1/2

[Event "JEEN-Lille"]
[Site "Le Touquet"]
[Date "2008.01.19"]
[Round "5.3"]
[White "Mehaibia, Azzedine"]
[Black "Julve, Philippe"]
[Result "1-0"]
[WhiteElo "2196"]
[BlackElo "2237"]
[PlyCount "115"]
[EventDate "2008.01.19"]
[SourceDate "2007.10.24"]

1. e4 c5 2. Nf3 d6 3. d4 cxd4 4. Nxd4 Nf6 5. Nc3 a6 6. Be2 e5 7. Nb3 Be7 8. O-O
Qc7 9. Be3 b5 10. a4 b4 11. Nd5 Nxd5 12. exd5 Nd7 13. f4 Bb7 14. a5 Nf6 15. Bb6
Qd7 16. Bc4 e4 17. Qd2 O-O 18. Rad1 Rfe8 19. Qxb4 Rac8 20. Nc1 Qf5 21. Ne2 h5
22. Bb3 h4 23. Nd4 Qh5 24. c4 h3 25. g3 Ng4 26. Rde1 e3 27. Bd1 Bf6 28. Qxd6
Rxc4 29. Qd7 Re7 30. Qf5 g6 31. Qxh5 gxh5 32. Nf5 Bxd5 33. Nxe7+ Bxe7 34. Bxg4
hxg4 35. Bxe3 Bf6 36. Rf2 Ra4 37. Bb6 Rb4 38. Rd1 Be4 39. Rdd2 Bg2 40. Rfe2 Ra4
41. Kf2 Ra1 42. Ke3 Rh1 43. Rxg2 hxg2 44. Rxg2 Rb1 45. Bd4 Bd8 46. Bc3 Ra1 47.
b4 Ra3 48. Rc2 f5 49. Kd3 Bf6 50. Kc4 Bxc3 51. Rxc3 Ra2 52. Kc5 Rxh2 53. b5
axb5 54. a6 Ra2 55. Kb6 Kf7 56. a7 Ke6 57. Rd3 b4 58. Kb7 1-0

[Event "JEEN-Lille"]
[Site "Le Touquet"]
[Date "2008.01.19"]
[Round "5.4"]
[White "Lebret, Jean Michel"]
[Black "Yordanov, Nikolay"]
[Result "1/2-1/2"]
[WhiteElo "2187"]
[BlackElo "2181"]
[PlyCount "99"]
[EventDate "2008.01.19"]
[SourceDate "2007.10.24"]

1. e4 e5 2. Nf3 Nc6 3. Nc3 Nf6 4. Bb5 Bc5 5. Nxe5 Nxe5 6. d4 Bxd4 7. Qxd4 Nc6
8. Bxc6 dxc6 9. Qxd8+ Kxd8 10. Bg5 h6 11. Bxf6+ gxf6 12. O-O-O+ Ke7 13. Rhe1
Rg8 14. g3 Bg4 15. Rd3 Rad8 16. Ree3 Rxd3 17. Rxd3 Be6 18. Kd2 f5 19. e5 a5 20.
Rd4 b5 21. a3 Rb8 22. Rh4 Rh8 23. b4 axb4 24. axb4 f6 25. exf6+ Kxf6 26. Ne2
Kg5 27. Nd4 Bd7 28. Ne2 Be6 29. Rd4 Kf6 30. Nf4 Bd5 31. c3 Be6 32. Nxe6 Kxe6
33. Ke3 Ra8 34. Rh4 Kd5 35. Kd3 Ra2 36. f4 Rf2 37. Rxh6 Rf3+ 38. Kd2 c5 39.
bxc5 Kc4 40. Rc6 Rd3+ 41. Ke2 Kxc3 42. Rxc7 Rd2+ 43. Ke1 Rxh2 44. Rb7 b4 45. c6
Rh8 46. c7 Rc8 47. Kd1 b3 48. Kc1 Ra8 49. Kd1 Rc8 50. Kc1 1/2-1/2

[Event "JEEN-Lille"]
[Site "Le Touquet"]
[Date "2008.01.19"]
[Round "5.5"]
[White "Regoli, Stephane"]
[Black "Burgnies, Stephane"]
[Result "1/2-1/2"]
[WhiteElo "2218"]
[BlackElo "2157"]
[PlyCount "102"]
[EventDate "2008.01.19"]
[SourceDate "2007.10.24"]

1. e4 e5 2. Nf3 Nc6 3. Bc4 Bc5 4. c3 Nf6 5. d3 a6 6. Bb3 Ba7 7. h3 d6 8. Nbd2
Ne7 9. Nf1 Ng6 10. Ng3 h6 11. O-O O-O 12. Nh2 d5 13. Qf3 dxe4 14. dxe4 Nh7 15.
Nf5 Be6 16. Rd1 Qe8 17. Ng4 Bxb3 18. axb3 Qe6 19. c4 Rfd8 20. Be3 Bxe3 21.
Ngxe3 c6 22. h4 Nf6 23. Ng4 Nxg4 24. Qxg4 Qf6 25. g3 Nf8 26. Rxd8 Rxd8 27. Rd1
Ne6 28. Rxd8+ Nxd8 29. Qd1 Ne6 30. Qd7 Kh7 31. Qe8 Nc7 32. Qc8 Ne6 33. Qe8 Nc7
34. Qd7 Ne6 35. Ne7 g6 36. Qe8 Qg7 37. h5 Ng5 38. hxg6+ fxg6 39. Nc8 Nxe4 40.
Nb6 Qf6 41. f4 Nxg3 42. Nd7 Qf5 43. Qe7+ Kh8 44. Nf6 Qb1+ 45. Kg2 Qf1+ 46. Kxg3
Qxf4+ 47. Kg2 Qd2+ 48. Kf3 Qd3+ 49. Kg4 Qe2+ 50. Kh4 Qh2+ 51. Kg4 Qg2+ 1/2-1/2

[Event "JEEN-Lille"]
[Site "Le Touquet"]
[Date "2008.01.19"]
[Round "5.6"]
[White "Sobry, Sebastien"]
[Black "Logel, Matthieu"]
[Result "1-0"]
[WhiteElo "2069"]
[BlackElo "2015"]
[PlyCount "81"]
[EventDate "2008.01.19"]
[SourceDate "2007.10.24"]

1. e4 c5 2. Nf3 d6 3. d4 cxd4 4. Nxd4 Nf6 5. Nc3 g6 6. Be3 Bg7 7. f3 O-O 8. Qd2
Nc6 9. Bc4 Bd7 10. O-O-O Qa5 11. Bb3 Rfc8 12. Kb1 Ne5 13. h4 Nc4 14. Bxc4 Rxc4
15. Nb3 Qc7 16. Bg5 Be6 17. Nb5 Qb6 18. N5d4 Bd7 19. Qa5 Qxa5 20. Nxa5 Ra4 21.
Nab3 Rc8 22. Ne2 h6 23. Be3 Rac4 24. Bxa7 Rxc2 25. Nbd4 R2c4 26. Rc1 Rxc1+ 27.
Rxc1 Rxc1+ 28. Nxc1 d5 29. e5 Nh5 30. Nd3 Ng3 31. Bb8 Bf5 32. Kc2 e6 33. a4 Bf8
34. Kc3 Be7 35. a5 Bxd3 36. Kxd3 Bxh4 37. b4 Bd8 38. Nb3 Nf5 39. Nc5 b6 40. a6
bxc5 41. bxc5 1-0

[Event "JEEN-Lille"]
[Site "Le Touquet"]
[Date "2008.01.19"]
[Round "5.7"]
[White "Maillot, Fabien"]
[Black "Levaux, Christian"]
[Result "1/2-1/2"]
[WhiteElo "2033"]
[BlackElo "2113"]
[PlyCount "103"]
[EventDate "2008.01.19"]
[SourceDate "2007.10.24"]

1. Nf3 Nf6 2. g3 g6 3. Bg2 c5 4. c4 Bg7 5. Nc3 Nc6 6. O-O O-O 7. d4 cxd4 8.
Nxd4 Nxd4 9. Qxd4 d6 10. Qd2 a6 11. b3 Rb8 12. a4 Bd7 13. Rb1 Qc8 14. Rd1 Bc6
15. e4 Qe6 16. Qe2 Nd7 17. Nd5 Nc5 18. Bg5 Bxd5 19. cxd5 Qd7 20. Be3 Rfc8 21.
Rdc1 b5 22. a5 Qb7 23. f4 b4 24. Bxc5 Rxc5 25. Rxc5 Bd4+ 26. Kh1 Bxc5 27. e5
Qb5 28. Qxb5 Rxb5 29. exd6 exd6 30. Ra1 Bd4 31. Ra2 Rc5 32. Bf1 Bf6 33. Ra4 Bd8
34. Rxb4 Bxa5 35. Rb8+ Kg7 36. Bc4 Bc7 37. Ra8 a5 38. Kg2 Kf6 39. Kf3 Ke7 40.
g4 h6 41. Ke4 Bd8 42. h4 Kd7 43. g5 hxg5 44. hxg5 Ke7 45. f5 gxf5+ 46. Kxf5 Rc7
47. g6 fxg6+ 48. Kxg6 Rb7 49. Ra6 Bb6 50. Bb5 Rb8 51. Bc6 Kd8 52. Ra8 1/2-1/2

[Event "JEEN-Lille"]
[Site "Le Touquet"]
[Date "2008.01.19"]
[Round "5.8"]
[White "Lemonnier, Cecile"]
[Black "Gatine, Aurelia"]
[Result "0-1"]
[WhiteElo "1499"]
[BlackElo "2022"]
[PlyCount "50"]
[EventDate "2008.01.19"]
[SourceDate "2007.10.24"]

1. d4 Nf6 2. c4 g6 3. Nf3 Bg7 4. Bd2 O-O 5. Nc3 c5 6. Be3 Nc6 7. d5 Na5 8. Qd3
d6 9. g3 Bf5 10. Qd2 Nxc4 11. Qd1 Nxb2 12. Qd2 Nc4 13. Qd1 Nxe3 14. Qd2 Nfxd5
15. fxe3 Bxc3 16. Bg2 Bxd2+ 17. Kf2 Bxe3+ 18. Ke1 Qa5+ 19. Kf1 Qc3 20. Re1 Bd4
21. Rd1 Ne3+ 22. Kf2 Ng4+ 23. Kf1 Qe3 24. Ke1 Bc3+ 25. Kf1 Qf2# 0-1

[Event "Arcueil-Arras"]
[Site "Le Touquet"]
[Date "2008.01.19"]
[Round "5.1"]
[White "Mircescu, Ovidiu"]
[Black "Laurent, Bruno"]
[Result "1/2-1/2"]
[WhiteElo "2148"]
[BlackElo "2359"]
[PlyCount "93"]
[EventDate "2008.01.19"]
[SourceDate "2007.10.24"]

1. e4 e6 2. d4 d5 3. Nc3 Nf6 4. Bg5 Bb4 5. e5 h6 6. Bd2 Bxc3 7. bxc3 Ne4 8. Qg4
g6 9. Qf4 c5 10. Bd3 g5 11. Qe3 Nxd2 12. Qxd2 Nc6 13. h4 gxh4 14. Nf3 Qa5 15.
Rxh4 Bd7 16. c4 dxc4 17. Bxc4 Qa3 18. c3 O-O-O 19. Rb1 Ne7 20. Rf4 Rh7 21. Bd3
Rg7 22. Be4 Bc6 23. Bxc6 Nxc6 24. g3 Qa6 25. Qe2 Qa5 26. Qb2 Rd7 27. Kf1 h5 28.
Kg2 Rg4 29. Rh1 cxd4 30. cxd4 Rxf4 31. gxf4 Qd5 32. Rxh5 Qe4 33. Kg3 Nxd4 34.
Rh8+ Kc7 35. Nxd4 Rxd4 36. Qc3+ Kb6 37. Qb2+ Rb4 38. Qd2 Rd4 39. Qb2+ Ka6 40.
Qa3+ Ra4 41. Qf3 Qg6+ 42. Qg4 Ra3+ 43. f3 Qb1 44. Rh2 Rxa2 45. Rxa2+ Qxa2 46.
Qg7 Qd5 47. Qxf7 1/2-1/2

[Event "Arcueil-Arras"]
[Site "Le Touquet"]
[Date "2008.01.19"]
[Round "5.2"]
[White "Bauduin, Etienne"]
[Black "Freitas, Jean Paul"]
[Result "1-0"]
[WhiteElo "2301"]
[BlackElo "1983"]
[PlyCount "67"]
[EventDate "2008.01.19"]
[SourceDate "2007.10.24"]

1. Nf3 Nf6 2. c4 g6 3. Nc3 Bg7 4. d4 d5 5. Bf4 c5 6. Rc1 Qa5 7. e3 O-O 8. Nd2
cxd4 9. Nb3 Qd8 10. Nxd4 Nc6 11. Nxc6 bxc6 12. Be2 Ba6 13. O-O e6 14. Qa4 Bxc4
15. Bxc4 dxc4 16. Qxc4 Nd5 17. Qxc6 Nxc3 18. bxc3 Rc8 19. Qa6 Bxc3 20. Qxa7 Ra8
21. Qc5 Bb2 22. Rc2 Qf6 23. Qc4 Be5 24. Bxe5 Qxe5 25. g3 Ra5 26. Rd1 Rfa8 27.
Rd4 Qb8 28. Rcd2 Qb1+ 29. Kg2 Qa1 30. Rd8+ Kg7 31. Qb4 Rxd8 32. Rxd8 Rxa2 33.
Qf8+ Kf6 34. Rd7 1-0